| 000 | 00755nam a2200193Ii 4500 | ||
|---|---|---|---|
| 003 | JO-AjNU | ||
| 008 | 230605s9999||||xx |||||||||||||| ||und|| | ||
| 040 |
_aJO-AjNU _bara _erda _cJO-AjNU |
||
| 041 | _aara | ||
| 050 | 1 | 4 | _aBP7.69.S8788.1993 |
| 100 | 3 |
_aسرور، محمد جمال الدين, _eauthor _936875 |
|
| 245 | 0 | 0 | _aقيام الدولة العربية الإسلامية في حياة محمد صلى الله عليه وسلم |
| 264 | 3 | 1 | _aالقاهرة:دار الفكر العربي ،1993 |
| 300 |
_a214ص _bفهرس الاعلام من ص 195-ص214 |
||
| 336 |
_atext _btxt _2rdacontent |
||
| 337 |
_aunmediated _bn _2rdamedia |
||
| 338 |
_avolume _bnc _2rdacarrier |
||
| 650 | 4 |
_aالدولة العربية الاسلامية _936876 |
|
| 999 |
_aA15359 _c18927 _d18927 |
||